| 000 | 00460pab a2200169 454500 | ||
|---|---|---|---|
| 008 | 180718b2004 xxu||||| |||| 00| 0 eng d | ||
| 100 | _aBhagat, R.B. | ||
| 245 | _aCharacteristics and correlates of tribal fertility: a comparative study of selected tribes | ||
| 260 | _c2004 | ||
| 300 | _ap.295-310. | ||
| 362 | _aJul-Dec | ||
| 650 | _aTribes | ||
| 650 | _aFertility | ||
| 700 | _aChattopadhyay, Aparajita | ||
| 773 | _aDemography India | ||
| 909 | _a67319 | ||
| 999 |
_c67319 _d67319 |
||